| 000 | 00402nam a22001457a 4500 | ||
|---|---|---|---|
| 005 | 20260328141721.0 | ||
| 008 | 250422b |||||||| |||| 00| 0 eng d | ||
| 080 |
_a294.527 _bCHI/P |
||
| 100 | _aChidananda, Swami | ||
| 245 | _aThe philosophy, psychology and practice of yoga | ||
| 260 |
_bThe divine life society. _aUttarakhand. _c2025. |
||
| 300 | _a255p. | ||
| 653 | _aYoga-Religion | ||
| 942 | _cOO | ||
| 999 |
_c114976 _d114975 |
||